00460 2200169 4500001002100000005001700021006001900038008004100057020002200098035002500120090001700145100001800162245003400180260003800214700002100252990001700273INLIS00000000000846720140227142434.0a ||| | 180719| ||| |  a978-979-29-1690-4 a0010-081300000000104 a672.37 MUM c0 aAri Wulandari00acara jitu mengatasi kegemukan aYogyakartabC.V ANDI OFFSETc20100 adr.yekti mumpuni a8633/PN/2013